|
|
|
|
| LEADER |
00797nab a2200217 i 4500 |
| 001 |
publ8539 |
| 005 |
20190524130623.0 |
| 008 |
160706s2007 hu o 0|| angol d |
| 022 |
|
|
|a 0166-218X
|
| 024 |
7 |
|
|a 10.1016/j.dam.2007.07.004
|2 doi
|
| 024 |
7 |
|
|a 1704881
|2 mtmt
|
| 040 |
|
|
|a SZTE Publicatio Repozitórium
|b hun
|
| 041 |
|
|
|a angol
|
| 100 |
2 |
|
|a Nagy-György Judit
|
| 245 |
1 |
0 |
|a Online scheduling with machine cost and rejection
|h [elektronikus dokumentum] /
|c Nagy-György Judit
|
| 260 |
|
|
|a Elsevier
|c 2007
|
| 300 |
|
|
|a 2546-2554
|
| 490 |
0 |
|
|a DISCRETE APPLIED MATHEMATICS
|v 155 No. 18
|
| 700 |
0 |
1 |
|a Imreh Csanád
|e aut
|
| 856 |
4 |
0 |
|u http://publicatio.bibl.u-szeged.hu/8539/1/DAM06revv.pdf
|z Dokumentum-elérés
|
| 856 |
4 |
0 |
|u http://publicatio.bibl.u-szeged.hu/8539/12/DAM_kiadoi.pdf
|z Dokumentum-elérés
|